| 000 | 01187cam a22002891i 4500 | ||
|---|---|---|---|
| 003 | SA-RiAUC | ||
| 005 | 20240922153507.0 | ||
| 008 | 240919s1991 ua g b 001 0 ara c | ||
| 020 | _a9770018198 | ||
| 040 |
_aMA-HhKAF _bara _cSA-RiAUC. _erda |
||
| 072 | 7 | _aMAI | |
| 082 | 0 | 4 |
_a963.03 _qSA-RiAUC |
| 090 |
_a963.03 _bج ل ا |
||
| 100 | 1 |
_aالجلال السيوطي، عبد الرحمن بن أبي بكر بن محمد، _d849-911 هجري _eمؤلف. |
|
| 245 | 1 | 0 |
_aرفع شأن الحبشان / _cجلال الدين عبد الرحمن السيوطي ؛ دراسة وتحقيق محمد عبد الوهاب فضل. |
| 264 | 1 |
_aالقاهرة : _b[الناشر غير محدد]، _c1991 |
|
| 300 |
_a458 صفحة ؛ _c24 سم |
||
| 336 |
_aنص _btxt _2rdacontent _3كتاب |
||
| 337 |
_aبدون وسيط _bn _2rdamedia |
||
| 338 |
_aمجلد _bnc _2rdacarrier |
||
| 500 | _aيشتمل على كشافات. | ||
| 504 | _aببليوجرافية : صفحة 427-453. | ||
| 650 | 7 |
_aالإسلام والتفرقة العنصرية _2aucsh |
|
| 700 | 1 |
_aفضل، محمد عبد الوهاب _eمحقق. |
|
| 942 |
_2ddc _cBOOK _n0 |
||
| 949 |
_aSA-JeALM _d240919 _umohamedma123 _n1 |
||
| 999 |
_c492 _d492 |
||